| 000 -CABECERA |
| Longitud fija campo de control |
00950nam a22001817a 4500 |
| 003 - IDENTIFICADOR DEL NÚMERO DE CONTROL |
| Identificador del número de control |
OSt |
| 005 - FECHA Y HORA DE LA ÚLTIMA TRANSACCIÓN |
| Fecha y hora de la última transacción |
20131128113100.0 |
| 008 - CÓDIGOS DE INFORMACIÓN DE LONGITUD FIJA |
| Códigos de información de longitud fija |
130521b xxu||||| |||| 00| 0 eng d |
| 040 ## - FUENTE DE LA CATALOGACIÓN |
| Centro transcriptor |
CDMR |
| 110 1# - PUNTO DE ACCESO PRINCIPAL-NOMBRE DE ENTIDAD CORPORATIVA |
| 9 (RLIN) |
304 |
| Nombre de entidad corporativa o nombre de jurisdicción como elemento inicial |
Centre d'Investigació de la Comunicació |
| 245 10 - MENCIÓN DE TÍTULO |
| Título |
Bibliografia sobre història de la premsa, la ràdio i la televisió |
| Resto del título |
: aportacions de Balears, Catalunya i la Comunitat Valenciana (1867-1993) |
| Mención de responsabilidad, etc. |
[coord. de l'edició Daniel E. Jones] |
| 260 ## - PUBLICACIÓN, DISTRIBUCIÓN, ETC. (PIE DE IMPRENTA) |
| Lugar de publicación, distribución, etc. |
Barcelona |
| Nombre del editor, distribuidor, etc. |
Generalitat de Catalunya. Centre d'Investigació de la Comunicació |
| Fecha de publicación, distribución, etc. |
1993 |
| 300 ## - DESCRIPCIÓN FÍSICA |
| Extensión |
170 p. |
| 500 ## - NOTA GENERAL |
| Nota general |
Contribució del Centre d'Investigació de la Comunicació a les XII Jornades d'Estudis Històrics Locals: Premsa, Ràdio i Televisió des d'una perspectiva Històrica (Palma de MAllorca: Institut d'Estudis Baleàrics, 3-5 novembre de 1993) |
| 650 04 - PUNTO DE ACCESO ADICIONAL DE MATERIA - TÉRMINO DE MATERIA |
| 9 (RLIN) |
496 |
| Término de materia o nombre geográfico como elemento inicial |
Mitjans de comunicació de massa |
| Subdivisión de materia general |
Història |
| 700 1# - PUNTO DE ACCESO ADICIONAL - NOMBRE DE PERSONA |
| 9 (RLIN) |
943 |
| Nombre de persona |
Jones, Daniel Evan |
| Término indicativo de función |
ed. |
| 942 ## - ENTRADA DE ELEMENTOS AGREGADOS (KOHA) |
| Fuente de clasificaión o esquema |
|
| Koha [por defecto] tipo de item |
Monografies |